| 000 | 00613cam a22002411 4500 | ||
|---|---|---|---|
| 001 | 6596951 | ||
| 005 | 20180309074119.0 | ||
| 008 | 751103s1966 njuac b 000 0 eng | ||
| 010 | _a 66007705 | ||
| 015 | _aGB67-236 | ||
| 035 | _a(OCoLC)1801594 | ||
| 040 |
_aDLC _cTxDN _dOCoLC _dUk _dDLC |
||
| 041 | _aeng | ||
| 042 | _apremarc | ||
| 080 | _a540 | ||
| 082 | _a540 SEC | ||
| 100 | 1 | _a12 | |
| 101 | _aKIM | ||
| 245 | 1 | 0 |
_aGeneral chemistry _c[by] John H. Secrist and Wendell H. Powers. |
| 504 | _aIncludes bibliographies. | ||
| 906 |
_a7 _bcbc _coclcrpl _du _encip _f19 _gy-gencatlg |
||
| 942 |
_2ddc _cBK |
||
| 999 |
_c44590 _d44590 |
||